00478nam a2200145 a 450000100100000000500170001000800410002704000250006808200150009310000300010824500730013826000360021130000280024750000570027500004719320201002053432.0180424s2017 dr a r 000 0 spa d aDO-SdBNPbspacBNPHU axxxxbE82c1 aEstrella, Vicente,d1962-13aEl creador de la historia :bla verdad absoluta /cVicente Estrella. aSanto Domingo :bGUERSA,c2017. a253 p. :bil. ;c22 cm. aIncluye datos biográficos del autor en las solapas